La era del capital, 1848-1875

Saved in:
書目詳細資料
主要作者: Hobsbawm, Eric (prefacio)
格式: 圖書
語言:西班牙语
出版: Barcelona, España Crítica 2007
版:Sexta edición
叢編:Biblioteca E. J. Hobsbawm de Historia Contemporánea
主題:
標簽: 添加標簽
沒有標簽, 成為第一個標記此記錄!

MARC

LEADER 00000cam a2200000 a 4500
001 UCH1400
003 CL-VaPUC
005 20220902120711.0
008 090427e20070000SP |||||||||||||||||spa|d
999 |c 333450  |d 333448 
020 |a 9789879317167 
040 |c Pontificia Universidad Católica de Valparaíso 
082 0 4 |a 330.9034 HOB 2007  |2 21 
100 |a Hobsbawm, Eric   |e prefacio  |9 500134 
245 1 3 |a La era del capital, 1848-1875 
250 |a Sexta edición 
260 |a Barcelona, España  |b Crítica  |c 2007 
300 |a 358 páginas 
490 0 |a Biblioteca E. J. Hobsbawm de Historia Contemporánea 
583 |a last modification  |c 20120313 02:02:39  |k Rodrigo Vera 
650 0 |a Historia contemporánea  |9 343224 
650 0 |a Desarrollo económico  |9 259599 
650 7 |a HISTORIA DE EUROPA SIGLO 19  |2 CL-VaPUC  |9 318727 
942 |c BK  |2 ddc 
945 |d 20090427 00:00:00  |a rbrito 
952 |0 0  |1 0  |2 ddc  |4 0  |6 330_903400000000000_HOB_2007  |7 0  |8 A  |9 421859  |a BIBHIS  |b BIBHIS  |d 2019-11-22  |i 4539478  |l 5  |o 330.9034 HOB 2007  |p 4539478  |r 2025-01-20  |s 2024-06-19  |t 2  |w 2019-11-22  |y BK  |k HIS 
952 |0 0  |1 0  |2 ddc  |3 erb  |4 0  |6 330_903400000000000_HOB_2007  |7 0  |8 A  |9 421861  |a FDOHBE  |b FDOHBE  |e Huesbe Llanos, Marco Antonio, 1934-  |i 5307813  |o 330.9034 HOB 2007  |p 5307813  |r 2024-01-30  |t 3  |w 2019-11-22  |y BK  |z Catalogado en:20160717  |k HBE 
952 |0 0  |1 0  |2 ddc  |3 erb  |4 0  |6 330_903400000000000_HOB_2007  |7 0  |8 A  |9 421862  |a BIBART  |b BIBART  |i 5418038  |o 330.9034 HOB 2007  |p 5418038  |r 2025-03-13  |t 1  |w 2019-11-22  |y BK  |z Catalogado en:20170825  |k ART